Responses for Show #6393 - Wednesday, June 6, 2012

Contestants

[<< previous game]

Ernest Niño-Murcia, a court interpreter originally from Iowa City, Iowa

Regina MacDowell, an ecclesiastic glass artist and housing counselor from Nineveh, Pennsylvania

Claudia Gray, a substitute teacher from Monrovia, California (whose 3-day cash winnings total $45,202)

[next game >>]

Jeopardy! Round responses

SOUNDS LIKE A NOBLE GAS, MAN
INTERNATIONAL GEOGRAPHIC
BASEBALL ABBREVIATIONS
ROYAL RELATIVES
WHOLE SALE
RE-"TAIL"
    $200 26
Leon

Claudia
    $200 1
the Thames

Claudia
    $200 5
an error

Regina
    $200 13
(Claudia: Who was Ferdinand?)
(Alex: Be more specific.)
(Claudia: Who was Ferdinand Josef?)

Franz Ferdinand

ClaudiaRegina
    $200 18
for sale by owner

Ernest
    $200 3
to tailgate

Regina
    $400 27
Agron

Ernest
    $400 2
Helsinki

Regina
    $400 9
runs batted in

Regina
    $400 14
Cleopatra

Claudia
    $400 19
arms

Regina
    $400 4
a tailspin

Ernest
    $600 28
(Regina: Who is Phoebus?)

Helios

ClaudiaRegina
    $600 10
Saudi Arabia

Ernest
    $600 23
double play

Claudia
    $600 15
Juan Carlos

Claudia
    $600 20
alcohol

Ernest
    $600 6
a dovetail

Regina
    $800 29
(Regina: What is Amana?)

Raytheon

Regina
Triple Stumper
    $800 11
the Indian Ocean

Regina
    $800 24
hit by pitch

Ernest
    $800 16
the Romanovs

Claudia
    $800 21
Bain Capital

Ernest
    $800 7
a cat-o'-nine-tail

Regina
    $1000 30
a cryptic crossword

Triple Stumper
    $1,000 12
the Mosquito Coast

Regina
    $1000 25
on-base percentage

Ernest
    $1000 17
Jane Seymour

Regina
    $1000 22
indulgences

Claudia
    $1000 8
bobtail

Ernest

Scores at the first commercial break (after clue 15):

Claudia Regina Ernest
$1,000 $4,600 $2,000

Scores at the end of the Jeopardy! Round:

Claudia Regina Ernest
$4,200 $4,600 $5,800

Double Jeopardy! Round responses

HOLLYWOOD FAMILY VALUES
PRODUCT NAMES
BORN & DIED: AUTHORS EDITION
FATS & OILS
PEACE
(Alex: And finally, you need to give us the word that's missing...)
EVERY OTHER LETTER
    $400 1
Dexter

Claudia
    $400 11
Bees

Claudia
    $400 6
Herman Melville

Claudia
    $400 16
margarine

Claudia
    $400 21
a justice

Ernest
    $400 26
prairie

Claudia
    $800 2
Parenthood

Triple Stumper
    $800 12
(Ernest: What is Kitchen?)
(Regina: What is Cabin?)

Shack

ReginaErnest
Triple Stumper
    $800 7
Faulkner

Ernest
    $800 17
lard

Ernest
    $800 22
Saint Augustine

Regina
    $800 27
(Ernest: [No response])

panther

Ernest
Triple Stumper
    $1200 3
(Claudia: Who is Sarah Jessica Parker?)

Jennifer Grey

ClaudiaErnest
    $1200 13
7

Ernest
    $1200 8
(Claudia: Who is Tolstoy?)

Dostoyevsky

ClaudiaErnest
    $1200 18
peanut oil

Regina
    $1200 23
(Alex: Minute to go now, Regina.)

Copperheads

Triple Stumper
    $1200 28
[The end-of-round signal sounds.]

hoist

Claudia
    $1600 4
Blades of Glory

Ernest
    $1600 14
Case

Ernest
    $1600 9
(Allen) Ginsberg

Ernest
    $1600 19
suet

Triple Stumper
    $1600 24
Jane Addams

Triple Stumper
    $2000 5
John Travolta

Regina
    $2000 15
Porter

Regina
    $3,000 10
(Ernest: Who is Christie?)

Dashiell Hammett

Ernest
    $2,000 20
(Regina: I have no idea.)

triglyceride

Regina
    $2000 25
Dar es Salaam

Ernest

Scores at the end of the Double Jeopardy! Round:

Claudia Regina Ernest
$5,000 $7,800 $13,600

[wagering suggestions for these scores]

Final Jeopardy! Round responses

THE PRESIDENCY
(Alex: No, it started with Van Buren and it ended with Fillmore, and in between, you had Harrison, Tyler, Polk, and Zachary Taylor, for a total of [*].)
ClaudiaWhat is 5?
$5,000
ReginaWhat is five?
$7,800
ErnestWhat is three four?
$2,001
6

Final scores:

Claudia Regina Ernest
$0 $0 $11,599
3rd place: $1,000 2nd place: $2,000 New champion: $11,599

Game dynamics:

Coryat scores:

Claudia Regina Ernest
$5,000 $9,800 $16,600
14 R,
3 W
15 R
(including 1 DD),
4 W
(including 1 DD)
19 R,
3 W
(including 1 DD)

Combined Coryat: $31,400

[game clues] [game scores] [suggest correction]

Game tape date: 2012-02-07
The J! Archive is created by fans, for fans. Scraping, republication, monetization, and malicious use prohibited; this site may use cookies and collect identifying information. See terms. The Jeopardy! game show and all elements thereof, including but not limited to copyright and trademark thereto, are the property of Jeopardy Productions, Inc. and are protected under law. This website is not affiliated with, sponsored by, or operated by Jeopardy Productions, Inc. Join the discussion at JBoard.tv.